Volveremos a encontrarnos: (Registro nro. 8451)

Detalles MARC
000 -LIDER
fixed length control field 01032nam a22003257a 4500
001 - NÚMERO DE CONTROL
Identificador de número de control 056
003 - IDENTIFICACDOR DE NÚMERO DE CONTROL
control field DO-SdBNP
005 - DATE AND TIME OF LATEST TRANSACTION
control field 20180220154951.0
007 - CAMPOS FIJOS DE DESCRIPCIÓN FÍSICA
fixed length control field 056
008 - ELEMENTOS DE LONGITUD FIJA
fixed length control field 151005b 1993 sp a 00| 0 spa d
020 ## - ISBN
International Standard Book Number 8434820595
040 ## - FUENTE DE CATALOGACIÓN
Agencia que crea de manera original el registro BPMSU
Idioma de catalogación spa
Agencia que realiza la transcripción BPMSU
092 ## - LOCALLY ASSIGNED DEWEY DECIMAL CALL NUMBER
Número de clasificación XXXX
Número de ítem (Cutter) XXXX
100 1# - ASIENTO PRINCIPAL -- NOMBRE PERSONAL
Nombre personal Schwarz, Annelies
240 10 - TITULO UNIFORME
Título uniforme Wir werden uns wiederfinden
Fecha de una obra 1986
Idioma de una obra ger
245 10 - MENCIÓN DE TITULO
Título Volveremos a encontrarnos:
Subtítulo el destierro de una familia /
Mención de responsabilidad Annelies Schwarz ; ilustraciones Carmen Lucini ; traducción Lola Romero ; colección dirigida por Marinella Terzi
250 ## - MENCIÓN DE EDICION
Mención de edición 6a. ed.
260 ## - PUBLICACIÓN, DISTRIBUCIÓN, ETC. (PIE DE IMPRENTA)
Lugar de publicación, distribución, etc Madrid :
Nombre del editor, distribuidor, etc. Ediciones SM,
Fecha de publicación, distribución, etc 1993.
300 ## - DESCRIPCIÓN FÍSICA
Extensión 142 p. :
Otros detalles físicos il. ;
Dimensiones 19 cm.
490 1# - MENCIÓN DE SERIES
Mención de serie El barco de vapor
-- Serie Roja
Volume/sequential designation 35
521 1# - TARGET AUDIENCE NOTE
Target audience note A partir de los 12 años
700 12 - ASIENTO SECUNDARIO -- NOMBRE PERSONAL
Nombre personal Terzi, Marinella
Mención de responsabilidad dir.
700 12 - ASIENTO SECUNDARIO -- NOMBRE PERSONAL
Nombre personal Lucini, Carmen
Mención de responsabilidad il.
700 12 - ASIENTO SECUNDARIO -- NOMBRE PERSONAL
Nombre personal Romero, Lola
Mención de responsabilidad trad.
830 #0 - ASIENTO SECUNDARIO DE SERIE--TÍTULO UNIFORME
Título uniforme Barco de vapor
Número de la parte o sección de una obra 35
Nombre de la parte o sección de una obra Serie Roja
910 ## - VALIDACIÓN
Validación 202
942 ## - ADDED ENTRY ELEMENTS (KOHA)
Source of classification or shelving scheme Dewey Decimal Classification
Koha item type Libros
945 ## - INFORMACIÓN DE PROCESAMIENTO LOCAL
Información de procesamiento local Inventariado, 2018/ YL
956 ## - LOCAL ELECTRONIC LOCATION AND ACCESS (OCLC)
Nombre de host YLOCKWARD
Número de acceso 10
Información de compresión BPMSU
Existencias
Withdrawn status Lost status Source of classification or shelving scheme Damaged status Not for loan Collection code Home library Current library Date acquired Source of acquisition Total Checkouts Barcode Date last seen Price effective from Koha item type
    Dewey Decimal Classification     Colección Infantil General Biblioteca Pública Metropolitana Salomé Ureña Biblioteca Pública Metropolitana Salomé Ureña 10/23/2015 Donación   BPMSU15100176 10/23/2015 10/23/2015 Libros